000 02039nam a22004331i 4500
001 ebr10767519
003 CaPaEBR
006 m o d
007 cr cn|||||||||
008 130617s2013 gw a ob 001 0 eng d
020 _a9783653025989 (e-book)
020 _z9783631639085 (print)
040 _aCaPaEBR
_beng
_erda
_epn
_cCaPaEBR
035 _a(OCoLC)858975538
043 _ae------
050 1 4 _aLA628
_b.G56 2013eb
082 0 4 _a378.4
_223
245 0 4 _aThe globalisation challenge for European higher education :
_bconvergence and diversity, centres and peripheries /
_cPavel Zgaga, Ulrich Teichler, John Brennan (eds.).
264 1 _aFrankfurt am Main ;
_aNew York :
_bPeter Lang Edition,
_c2013.
300 _a1 online resource (391 pages) :
_billustrations.
336 _atext
_2rdacontent
337 _acomputer
_2rdamedia
338 _aonline resource
_2rdacarrier
490 1 _aHigher education research and policy (HERP) ;
_v4
504 _aIncludes bibliographical references and index.
588 _aDescription based on print version record.
590 _aElectronic reproduction. Palo Alto, Calif. : ebrary, 2013. Available via World Wide Web. Access may be limited to ebrary affiliated libraries.
650 0 _aEducation and globalization
_zEurope.
650 0 _aEducation, Higher
_zEurope.
650 0 _aHigher education and state
_zEurope.
655 0 _aElectronic books.
700 1 _aBrennan, John,
_d1947-
700 1 _aTeichler, Ulrich.
700 1 _aZgaga, Pavel.
776 0 8 _iPrint version:
_tGlobalisation challenge for European higher education : convergence and diversity, centres and peripheries.
_dFrankfurt am Main : Peter Lang Edition, 2013
_h389 pages : illustrations ; 24 cm.
_kHigher education research and policy ; v4.
_z9783631639085
_w(DLC) 2013016085
797 2 _aebrary.
830 0 _aHigher education research and policy ;
_v4.
856 4 0 _uhttp://site.ebrary.com/lib/rucke/Doc?id=10767519
_zAn electronic book accessible through the World Wide Web; click to view
999 _c124938
_d124938